00597nam a2200181Ia 4500008004100000020001500041050000900056050001600065100002700081245009300108260005400201300003900255440002900294650001900323650003500342650001600377650002200393160114s9999 xx 000 0 und d a9716300425 aFic  b.B638h 1996 aBlanco, Marivi Soliven 4aThe hunt for the Hippocampus /c by Marivi Soliven Blanco ; pictures by Remus San Diego. aManila : bTahanan Books for Young Readers.c1996 a80 pages;billustrations :c20 cm. aA Jenny and Jay Mystery. aGhost stories. aMystery and detective stories. aWitches --  xJuvenile fiction.